The garden of bright waters ; one hundred and twenty Asiatic love poems /

Bibliographic Details
Main Author: Mathers, E. Powys (Edward Powys), 1892-1939
Format: Book
Language:English
Multiple languages
Published: Oxford : B. Blackwell, 1920.
Subjects:

MARC

Tag First Indicator Second Indicator Subfields
LEADER 00000cam a2200000 4500
001 in00000722321
005 20151016061113.0
008 760619s1920 enk 00010 eng d
010 |a  21013163  
035 |a (OCoLC)02237255 
035 |9 ADD1663AM 
040 |a CIN  |c CIN  |d TXA  |d UtOrBLW 
041 1 |a eng  |a mul 
049 |a TXAM  |c [108167] 
050 0 |a PJ418  |b .M4 
092 |a 895.1  |b M427g 
100 1 |a Mathers, E. Powys  |q (Edward Powys),  |d 1892-1939. 
245 1 4 |a The garden of bright waters ;  |b one hundred and twenty Asiatic love poems /  |c tr. by Edward Powys Mathers. 
264 1 |a Oxford :  |b B. Blackwell,  |c 1920. 
300 |a 108 pages, 1 unnumbered page ;  |c 20 cm. 
336 |a text  |b txt  |2 rdacontent 
337 |a unmediated  |b n  |2 rdamedia 
338 |a volume  |b nc  |2 rdacarrier 
650 0 |a Love poetry. 
650 0 |a Oriental poetry  |x Translations into English. 
650 0 |a English poetry  |x Translations from Oriental literature. 
999 |a MARS 
999 f f |s e3e1becd-c8b0-3919-ab7e-86bd9967b7eb  |i cddddbb0-96db-3acf-b2b5-b40b23116c75  |t 0 
952 f f |p ric  |a Texas A&M University  |b Rellis Campus  |c Joint Library Facility  |s JLF  |d Remote Storage  |t 0  |e PJ418 .M4  |h Library of Congress classification  |i unmediated -- volume  |m A14801397994 
998 f f |a PJ418 .M4  |t 0  |l Remote Storage